00000000nam 2200000zi 4500
0019.932009
003CaOODSP
00520241120114429
006m     o  d f      
007cr |n|||||||||
008231229e198912##qucab   ob   f|0| 0 fre d
040 |aCaOODSP|bfre|erda|cCaOODSP
043 |an-cn-qu
0861 |aCW66-1486/1989F-PDF
1001 |aDemers, Alain, |eauteur.
24510|aÉtude préliminaire sur la Pie-grièche migratrice Lanius ludovicianus au Québec / |cpar Alain Demers.
264 1|a[Sainte-Foy, Québec] : |bEnvironnement Canada, Service canadien de la faune = Environment Canada, Canadian Wildlife Service, |cdécembre 1989.
300 |a1 ressource en ligne (45, [2] pages) : |bcartes, illustrations
336 |atexte|btxt|2rdacontent/fre
337 |ainformatique|bc|2rdamedia/fre
338 |aressource en ligne|bcr|2rdacarrier/fre
500 |aÉdition numérisée de l’imprimé [par Environnement et changement climatique Canada].
504 |aComprend des références bibliographiques.
650 6|aPie-grièche migratrice|zQuébec (Province)
650 0|aLoggerhead shrike|zQuébec (Province)
7101 |aCanada. |bEnvironnement Canada, |eorganisme de publication.
7102 |aService canadien de la faune, |eorganisme de publication.
85640|qPDF|s18.90 Mo|uhttps://publications.gc.ca/collections/collection_2024/eccc/cw66/CW66-1486-1989-fra.pdf